Guess the Olivia Rodrigo song (no hints) - Statistics

General Stats
  • This quiz has been taken 176 times
  • The average score is 199 of 337
Answer Stats
Answer % Correct
I
98%
You
95%
you
95%
a
94%
me
86%
the
85%
The
85%
my
79%
My
79%
on
76%
your
75%
No,
74%
go
73%
to
73%
and
71%
And
71%
it
71%
Be
70%
In
70%
in
70%
that
70%
can't
69%
can't,
69%
do
69%
I'm
68%
But
67%
now
65%
catch
62%
of
61%
are
60%
see
60%
there,
60%
every
58%
like
58%
all
57%
Oh,
56%
It's
52%
was
52%
got
51%
face
49%
trees,
49%
ground
48%
here,
48%
place
48%
this
48%
You'll
48%
breeze
47%
'cause
47%
footsteps
47%
think
47%
everywhere
45%
I'd
45%
blood
44%
Don't
44%
mountain
44%
side
44%
us
44%
will
44%
Yeah,
44%
would
42%
There's
41%
over
40%
thought
40%
Thought
40%
away
39%
feel
38%
never
38%
into
36%
still
36%
down
35%
than
35%
with
35%
gone
34%
made
34%
around
33%
comin'
33%
Ooh
33%
storm
33%
town
33%
months
32%
pass
32%
room
32%
wall
32%
way
32%
Bet
31%
bet
31%
grass,
31%
left
31%
new
31%
Through
31%
you'd
31%
city
30%
higher
30%
dancin'
29%
end
29%
Shadows
28%
bitter
27%
fury
27%
hall
27%
head
27%
red
27%
taste
27%
wash
27%
writing
27%
brought
26%
easy
26%
forget
26%
hopes
26%
it'd
26%
somethin'
26%
shade
25%
messes
24%
fallin'
23%
snow
23%
fire
21%
wading
21%
winter
21%
turning
20%
burn
17%
figured
15%
expect
14%
founded
14%
sometimes
13%
evеrywhere
0%
0%
No matching quizzes found
Score Distribution
Percent of People with Each Score
Percentile by Number Answered
Your Score History
You have not taken this quiz